R (on the application of Baker and others) v SOS Communities and Local Government, Bromley LBC and another (Record no. 80072)

MARC details
000 -LEADER
fixed length control field 02099cab a22002175a 4500
001 - CONTROL NUMBER
control field L143149
008 - FIXED-LENGTH DATA ELEMENTS--GENERAL INFORMATION
fixed length control field 080410e20080228xxk 000 0 eng d
035 ## - SYSTEM CONTROL NUMBER
System control number (Sirsi) u143149
041 0# - LANGUAGE CODE
Language code of text/sound track or separate title eng
245 00 - TITLE STATEMENT
Title R (on the application of Baker and others) v SOS Communities and Local Government, Bromley LBC and another
Medium [electronic resource]
260 ## - PUBLICATION, DISTRIBUTION, ETC.
Date of publication, distribution, etc. 2008
520 ## - SUMMARY, ETC.
Summary, etc. [2008] EWCA Civ 141, 28 February 2008. Considers whether planning inspectors should refer explicitly to equal opportunities legislation which are included in their decisions. Irish travellers (B) appealed against a planning inspector's refusal to grant planning permission for them to pitch caravans on land where they were already residing. B had several children who attended local schools. The planning inspector found no reason for B to remain upon this specific site. In her decision she had taken account of the fact that the older children had not attended school in recent weeks. B argued that the inspector had failed to promote equal opportunities between different racial groups, to give consideration to their children's education, and had wrongly imposed the need to demonstrate requirement to inhabit that particular site. "Held": The inspector was not required to meet the ends of equal opportunities legislation, merely to give due regard towards its purpose. She had done so, and although she had not specifically mentioned the Act, she had referred to other relevant guidance in her report. She had considered the disruption to education in her judgment. Neither had she imposed unfair burden upon B to show special attachment to the site. Appeal dismissed.
590 ## - LOCAL NOTE (RLIN)
Local note KA
650 24 - SUBJECT ADDED ENTRY--TOPICAL TERM
Topical term or geographic name entry element ODPM CIRCULAR 01/2006
650 24 - SUBJECT ADDED ENTRY--TOPICAL TERM
Topical term or geographic name entry element R V SOS COMMUNITIES, BROMLEY LBC AND ANOTHER
650 24 - SUBJECT ADDED ENTRY--TOPICAL TERM
Topical term or geographic name entry element RACE RELATIONS ACT 1976
651 #4 - SUBJECT ADDED ENTRY--GEOGRAPHIC NAME
Geographic name England and Wales
Chronological subdivision 1543-
690 ## - LOCAL SUBJECT ADDED ENTRY--TOPICAL TERM (OCLC, RLIN)
Topical term or geographic name as entry element ENVIRONMENTAL AND LAND CONSULTANCY-PLANNING AND DEVELOPMENT-DEVELOPMENT CONTROL-PLANNING ENFORCEMENT
856 40 - ELECTRONIC LOCATION AND ACCESS
Uniform Resource Identifier <a href="https://www.bailii.org/ew/cases/EWCA/Civ/2008/141.html">https://www.bailii.org/ew/cases/EWCA/Civ/2008/141.html</a>
Public note View the judgment free of charge at www.bailii.org...
942 ## - ADDED ENTRY ELEMENTS (KOHA)
Suppress in OPAC 0
Holdings
Withdrawn status Lost status Source of classification or shelving scheme Damaged status Not for loan Home library Current library Shelving location Date acquired Total Checkouts Full call number Barcode Date last seen Copy number Price effective from Koha item type
    Dewey Decimal Classification     Virtual Virtual Online 10/04/2008   ONLINE PUBLICATION 143149-1001 06/08/2019 1 06/08/2019 Law report